<?xml version="1.0" encoding="UTF-8"?>
<collection xmlns="http://www.loc.gov/MARC21/slim">
 <record>
  <leader>01779nam a2200361 a 4500</leader>
  <controlfield tag="001">0017913</controlfield>
  <controlfield tag="003">BD-DhAAL</controlfield>
  <controlfield tag="008">090604s2006    cc a          001 0 eng d</controlfield>
  <datafield tag="010" ind1=" " ind2=" ">
   <subfield code="a">  2006283805</subfield>
  </datafield>
  <datafield tag="020" ind1=" " ind2=" ">
   <subfield code="a">0596102062</subfield>
  </datafield>
  <datafield tag="020" ind1=" " ind2=" ">
   <subfield code="a">9780596102067</subfield>
  </datafield>
  <datafield tag="020" ind1=" " ind2=" ">
   <subfield code="a">8184040997</subfield>
  </datafield>
  <datafield tag="040" ind1=" " ind2=" ">
   <subfield code="a">VYR</subfield>
   <subfield code="c">VYR</subfield>
   <subfield code="d">BAKER</subfield>
   <subfield code="d">JRZ</subfield>
   <subfield code="d">NLGGC</subfield>
   <subfield code="d">DLC</subfield>
   <subfield code="d">BD-DhAAL</subfield>
  </datafield>
  <datafield tag="082" ind1="0" ind2="4">
   <subfield code="a">005.133</subfield>
   <subfield code="2">22</subfield>
  </datafield>
  <datafield tag="100" ind1="1" ind2=" ">
   <subfield code="a">Schwartz, Randal L.</subfield>
   <subfield code="9">978</subfield>
  </datafield>
  <datafield tag="245" ind1="1" ind2="0">
   <subfield code="a">Intermediate Perl /</subfield>
   <subfield code="c">Randal L. Schwartz, Brian D. Foy, and Tom Phoenix ; [foreword by Damian Conway].</subfield>
  </datafield>
  <datafield tag="250" ind1=" " ind2=" ">
   <subfield code="a">Second edition.</subfield>
  </datafield>
  <datafield tag="260" ind1=" " ind2=" ">
   <subfield code="a">Beijing ;</subfield>
   <subfield code="a">Sebastopol, CA :</subfield>
   <subfield code="b">O'Reilly,</subfield>
   <subfield code="c">c2006.</subfield>
  </datafield>
  <datafield tag="300" ind1=" " ind2=" ">
   <subfield code="a">xix, 256 p. :</subfield>
   <subfield code="b">ill. ;</subfield>
   <subfield code="c">24 cm</subfield>
  </datafield>
  <datafield tag="500" ind1=" " ind2=" ">
   <subfield code="a">&quot;Beyond the basics of learning Perl&quot;--Cover.</subfield>
  </datafield>
  <datafield tag="500" ind1=" " ind2=" ">
   <subfield code="a">Includes index.</subfield>
  </datafield>
  <datafield tag="541" ind1=" " ind2=" ">
   <subfield code="e">00017913</subfield>
  </datafield>
  <datafield tag="650" ind1=" " ind2="0">
   <subfield code="a">Perl (Computer program language)</subfield>
   <subfield code="9">979</subfield>
  </datafield>
  <datafield tag="650" ind1="1" ind2="7">
   <subfield code="a">PERL.</subfield>
   <subfield code="2">gtt</subfield>
   <subfield code="9">980</subfield>
  </datafield>
  <datafield tag="650" ind1="1" ind2="7">
   <subfield code="a">Object-georiënteerd programmeren.</subfield>
   <subfield code="2">gtt</subfield>
   <subfield code="9">981</subfield>
  </datafield>
  <datafield tag="700" ind1="1" ind2=" ">
   <subfield code="a">Foy, Brian D.</subfield>
   <subfield code="9">982</subfield>
  </datafield>
  <datafield tag="700" ind1="1" ind2=" ">
   <subfield code="a">Phoenix, Tom.</subfield>
   <subfield code="9">983</subfield>
  </datafield>
  <datafield tag="942" ind1=" " ind2=" ">
   <subfield code="2">ddc</subfield>
   <subfield code="c">BK</subfield>
  </datafield>
  <datafield tag="999" ind1=" " ind2=" ">
   <subfield code="c">930</subfield>
   <subfield code="d">930</subfield>
  </datafield>
  <datafield tag="952" ind1=" " ind2=" ">
   <subfield code="0">0</subfield>
   <subfield code="1">0</subfield>
   <subfield code="2">ddc</subfield>
   <subfield code="4">0</subfield>
   <subfield code="6">005_133000000000000_SCH</subfield>
   <subfield code="7">0</subfield>
   <subfield code="9">13281</subfield>
   <subfield code="a">BRACUL</subfield>
   <subfield code="b">BRACUL</subfield>
   <subfield code="c">GEN</subfield>
   <subfield code="d">2010-11-24</subfield>
   <subfield code="e">D. S. Books International</subfield>
   <subfield code="l">0</subfield>
   <subfield code="o">005.133 SCH</subfield>
   <subfield code="p">3010017914</subfield>
   <subfield code="r">2010-11-24</subfield>
   <subfield code="t">2</subfield>
   <subfield code="w">2010-11-24</subfield>
   <subfield code="y">BK</subfield>
   <subfield code="x">USD 10.00</subfield>
  </datafield>
  <datafield tag="952" ind1=" " ind2=" ">
   <subfield code="0">0</subfield>
   <subfield code="1">0</subfield>
   <subfield code="2">ddc</subfield>
   <subfield code="4">0</subfield>
   <subfield code="6">005_133000000000000_SCH</subfield>
   <subfield code="7">0</subfield>
   <subfield code="9">14037</subfield>
   <subfield code="a">BRACUL</subfield>
   <subfield code="b">BRACUL</subfield>
   <subfield code="c">GEN</subfield>
   <subfield code="d">2011-01-22</subfield>
   <subfield code="e">D. S. Books International</subfield>
   <subfield code="l">0</subfield>
   <subfield code="o">005.133 SCH</subfield>
   <subfield code="p">3010017913</subfield>
   <subfield code="r">2011-01-22</subfield>
   <subfield code="t">1</subfield>
   <subfield code="w">2011-01-22</subfield>
   <subfield code="y">BK</subfield>
   <subfield code="x">USD 10.00</subfield>
  </datafield>
  <datafield tag="952" ind1=" " ind2=" ">
   <subfield code="0">0</subfield>
   <subfield code="1">0</subfield>
   <subfield code="2">ddc</subfield>
   <subfield code="4">0</subfield>
   <subfield code="6">005_133000000000000_SCH</subfield>
   <subfield code="7">0</subfield>
   <subfield code="9">14038</subfield>
   <subfield code="a">BRACUL</subfield>
   <subfield code="b">BRACUL</subfield>
   <subfield code="c">GEN</subfield>
   <subfield code="d">2011-01-22</subfield>
   <subfield code="e">D. S. Books International</subfield>
   <subfield code="l">0</subfield>
   <subfield code="o">005.133 SCH</subfield>
   <subfield code="p">3010017915</subfield>
   <subfield code="r">2011-01-22</subfield>
   <subfield code="t">3</subfield>
   <subfield code="w">2011-01-22</subfield>
   <subfield code="y">BK</subfield>
   <subfield code="x">USD 10.00</subfield>
  </datafield>
  <datafield tag="952" ind1=" " ind2=" ">
   <subfield code="0">0</subfield>
   <subfield code="1">0</subfield>
   <subfield code="2">ddc</subfield>
   <subfield code="4">0</subfield>
   <subfield code="6">005_133000000000000_SCH</subfield>
   <subfield code="7">0</subfield>
   <subfield code="9">14039</subfield>
   <subfield code="a">BRACUL</subfield>
   <subfield code="b">BRACUL</subfield>
   <subfield code="c">GEN</subfield>
   <subfield code="d">2011-01-22</subfield>
   <subfield code="e">D. S. Books International</subfield>
   <subfield code="l">0</subfield>
   <subfield code="o">005.133 SCH</subfield>
   <subfield code="p">3010017916</subfield>
   <subfield code="r">2011-01-22</subfield>
   <subfield code="t">4</subfield>
   <subfield code="w">2011-01-22</subfield>
   <subfield code="y">BK</subfield>
   <subfield code="x">USD 10.00</subfield>
  </datafield>
 </record>
</collection>
